000 01110nam a2200241Ia 4500
999 _c34533
_d34533
001 288
003 GE_BSU
005 20221125145341.0
008 181216s2010||||ge |||||||||||||| ||geo||
020 _a9789941424021x
040 _cGE_BSU
041 _ageo
080 _a316.6(075.8) ბ-21
100 _aბალიაშვილი, მარინა
_92793
245 _aსოციალური ფსიქოლოგიის საფუძვლები /
_cმარინა ბალიაშვილი ; [სამეცნ. რედ. ირაკლი იმედაძე] ; დიმიტრი უზნაძის ფსიქოლოგიის ინ-ტი.
264 _aთბილისი :
_bმწიგნობარი,
_c2010.
300 _a326 გვ.;
_b20 სმ.
504 _aბიბლიოგრ.: გვ. 305-325.
653 _aფსიქოლოგია
653 _aსოციალური ფსიქოლოგია
700 _aიმედაძე, ირაკლი
_eრედაქტორი
_95687
942 _cBK
_2udc